00484nam a22001457a 4500003000500000038001800005082000800023100002500031245009900056264003300155300002400188650003600212700003300248856005700281NUST aNusrat Nadeem a200 aAli, Shahzadi Fatima aExploring Colonial Contours in Public Policy: A Case Study of Pakistan/cShahzadi Fatima Ali,  aIslamabad;bS3H NUST;c2024. a83,p;bill;c30,cm. aMS-Government and Public Policy aSupervisor: Dr. Uzair Hashmi uhttp://10.250.8.41:8080/xmlui/handle/123456789/46372